[Event "Vrsac"]
[Site "Vrsac"]
[Date "1987.??.??"]
[Round "?"]
[White "Barlov, Dragan"]
[Black "Popovic, Petar"]
[Result "1-0"]
[WhiteElo "2555"]
[BlackElo "2560"]
[Annotator "ChessBase"]
[PlyCount "67"]
[EventDate "1987.10.??"]
[EventType "tourn"]
[EventRounds "11"]
[EventCountry "YUG"]
[EventCategory "12"]
[SourceTitle "CBM 005"]
[Source "ChessBase"]
[SourceDate "1988.08.01"]
[SourceVersion "1"]
[SourceVersionDate "1988.08.01"]
[SourceQuality "1"]

1. d4 Nf6 2. c4 g6 3. Nc3 d5 4. Bf4 Bg7 5. e3 c5 6. dxc5 Qa5 7. Rc1 Ne4 (7...
dxc4 8. Bxc4 Qxc5 9. Bb3 $13) 8. Nge2 $1 e5 (8... dxc4 9. Qa4+ Qxa4 10. Nxa4
Bd7 11. Nec3 $18) (8... Nxc3 9. Qd2 e5 10. Bg3 $16) 9. Bg3 (9. Bxe5 $1 Bxe5 10.
Qxd5 Nc6 (10... Bxc3+ 11. Nxc3 Nxc3 12. Qe5+ Kd7 13. Rxc3 $18) 11. Qxe4 Bf5 12.
Qh4 Nb4 13. Nd4 $16) 9... Nxc3 10. Qd2 (10. Nxc3 $2 d4 $19) 10... d4 11. exd4
exd4 12. bxc3 dxc3 (12... d3 13. Nd4 O-O 14. Bxd3 Re8+ 15. Be2 Na6 16. Nb5 $16)
13. Nxc3 Na6 14. Bd6 Be6 (14... Nxc5 15. Qe3+ Ne6 16. Be2 $18) 15. Nb5 Qxd2+
16. Kxd2 $16 Kd7 17. Be2 Bf8 18. Rhd1 Nxc5 19. Be5 Rg8 20. Ke1+ Ke7 21. Bd4 Nd7
(21... b6 22. Bf3 $18) 22. Bf3 Bh6 23. Rc2 a6 24. Nc7 Rab8 25. c5 Bf5 26. Nd5+
Kd8 27. Re2 $18 Be6 28. Bf6+ Nxf6 29. Nxf6+ Kc7 (29... Ke7 30. Nxg8+ Rxg8 31.
Bxb7) 30. Rxe6 fxe6 31. Rd7+ Kc8 32. Rxh7 Rf8 33. Nd7 Bd2+ 34. Ke2 1-0

[Event "Vrnjacka Banja"]
[Site "Vrnjacka Banja"]
[Date "1989.??.??"]
[Round "?"]
[White "Stohl, Igor"]
[Black "Ilincic, Zlatko"]
[Result "0-1"]
[WhiteElo "2455"]
[BlackElo "2430"]
[Annotator "ChessBase"]
[PlyCount "100"]
[EventDate "1989.04.??"]
[EventType "tourn"]
[EventRounds "15"]
[EventCountry "YUG"]
[EventCategory "7"]
[SourceTitle "CBM 013"]
[Source "ChessBase"]
[SourceDate "1989.12.01"]
[SourceVersion "1"]
[SourceVersionDate "1989.12.01"]
[SourceQuality "1"]

1. d4 Nf6 2. c4 g6 3. Nc3 d5 4. Bf4 $6 Bg7 5. Rc1 Nh5 $1 6. Bd2 c5 $1 (6...
dxc4 7. e3 c6 (7... c5 8. dxc5 Nd7 9. Qa4 O-O 10. Qxc4 Ne5 11. Qd5 Be6 12. Qxd8
Rfxd8 13. Nf3 Nc4 14. b3 Nxd2 15. Nxd2 Rac8 $10 {Schlosser,P-Goszpeter,A/
Munich/1989/1/2-1/2/18/ -> CBM 13}) 8. Bxc4 O-O 9. Nf3 Nd7 10. Be2 Nhf6 11. e4
Nb6 12. h3 $16 {Stohl,I-Banas,J/Trnava-B/1989/}) 7. e3 (7. cxd5 cxd4 8. Nb5 Na6
$15) (7. dxc5 d4 $1 $44) 7... cxd4 8. exd4 dxc4 9. Bxc4 O-O 10. d5 (10. Nf3 Bg4
11. O-O Nc6 12. d5 Nd4) 10... Nd7 11. Nf3 a6 $1 12. a4 b5 13. axb5 Nb6 14. b3
axb5 15. Nxb5 Nxd5 $36 16. O-O Nb6 {16...Bb7} 17. Bb4 Bd7 18. Re1 Nxc4 19. bxc4
Re8 20. Qb3 $13 {20.Ne5} Bc6 21. Rcd1 Qc8 22. Ne5 (22. Bxe7 Nf4 23. Bd6 Qg4 24.
Bxf4 Qxf4 $44) 22... Bxe5 23. Rxe5 Nf4 24. Qg3 f6 25. Ree1 Nxg2 26. Rxe7 Rxe7
27. Bxe7 Qe6 28. Nd4 $10 Qxe7 29. Nxc6 Qe2 30. Qd3 $2 Qxd3 31. Rxd3 Nf4 32.
Rd8+ Rxd8 33. Nxd8 Kf8 34. Nc6 Ke8 35. Nd4 Kd7 36. Nc2 $2 Kd6 37. Ne3 Kc5 38.
f3 Nd3 39. Nd5 $6 f5 40. Nf6 h5 41. Nd7+ Kxc4 42. Nf8 Nf4 43. Kf2 Kd4 44. Kg3
Ke3 45. Kh4 Kxf3 46. Kg5 Ke4 47. Nd7 Nd5 48. Kxg6 f4 49. Nc5+ Ke3 50. Kf5 Nc3 {
Lubomir Ftacnik} 0-1

[Event "Candidates f Fischer-Petrosian +5-1=3"]
[Site "Buenos Aires"]
[Date "1971.10.05"]
[Round "2"]
[White "Petrosian, Tigran V"]
[Black "Fischer, Robert James"]
[Result "1-0"]
[WhiteElo "2640"]
[BlackElo "2760"]
[Annotator "ChessBase"]
[PlyCount "63"]
[EventDate "1971.09.30"]
[EventType "match"]
[EventRounds "9"]
[EventCountry "ARG"]
[SourceTitle "100 Jahre Schach"]
[Source "ChessBase"]
[SourceDate "2000.04.19"]
[SourceVersion "1"]
[SourceVersionDate "2000.04.19"]
[SourceQuality "1"]

{Es gibt Spieler, bei denen die seltenen Niederlagen bemerkenswert sind. Dazu
gehört Fischer zweifellos, und es wurde sogar ein Buch über seine Verluste
geschrieben - siehe 1974. Diese Null nach 19 Siegen in Folge hat Fischers
Gegner Petrosian eine große Anstrengung gekostet: Er musste dafür eine
absolute Glanzpartie spielen.} 1. d4 Nf6 2. c4 g6 3. Nc3 d5 {Es ist das letzte
Mal, dass Fischer diese Eröffnung spielt.} 4. Bf4 Bg7 5. e3 c5 6. dxc5 Qa5 7.
Rc1 (7. Qa4+ Qxa4 8. Nxa4 $13) 7... Ne4 8. cxd5 {Das war damals neu im
Vergleich zu 8.Nf3.} (8. Nge2 $5) 8... Nxc3 9. Qd2 Qxa2 10. bxc3 Qa5 (10...
Qxd2+ $6 {kam sogar in einer WM-Partie Karpov-Kasparov/1986 vor. Doch auch da
fiel der Sieg an Weiß.}) 11. Bc4 Nd7 12. Ne2 Ne5 $6 ({Nach} 12... Nxc5 $11 {
sollte Schwarz keine Probleme haben.}) 13. Ba2 Bf5 $2 {Es ist schwer zu sagen,
was Fischer zu diesem Zug bewog. Vielleicht geht nach 19 Siegen in Folge der
Sinn für Gefahren verloren?} ({Allerdings sollte die Alternative} 13... Qxc5 {
kaum noch zum Ausgleich genügen; die Dame ist eben nicht die richtige Figur
für die Blockade und der Ne5 ist auch angreifbar.}) 14. Bxe5 $1 Bxe5 15. Nd4
Qxc5 {Sonst folgt 16.c6.} 16. Nxf5 gxf5 17. O-O {Schwarz steht schlecht, weil
er hier schwer zur kurzen Rochade kommt; auch die Bauernstruktur ist miserabel.
} Qa5 $5 18. Qc2 $1 f4 {Das Problem mit dem Bauern f5 ist gelöst.} 19. c4 fxe3
$6 ({In Frage kam} 19... b6 20. Qe4 Bd6 21. Bb3 {und nun sollte Schwarz den
Bauern auf f4 schlagen lassen. Dann spielt die Schwäche des Pf7 kaum eine
Rolle und der Bd6 ist sehr stark. Ein Problem bleibt der König; er kann sich
auf den Damenflügel begeben, aber in Sicherheit ist er dort auch nicht.}) 20.
c5 $3 {Für diesen Zug kann man Petrosian nur uneingeschränkt loben.} ({Die
Alternative} 20. fxe3 {ist ja durchaus gut spielbar; Weiß sollte ebenfalls
besser stehen.}) 20... Qd2 21. Qa4+ Kf8 22. Rcd1 $1 Qe2 (22... e2 $2 {Ein
hübscher taktischer Witz, aber er funktioniert nicht - das hat Petrosian wohl
schon bei 20.c5 erkannt.} 23. Rxd2 Bxh2+ 24. Kxh2 exf1=Q 25. d6 exd6 26. Qd7
$18) 23. d6 $1 {[%cal Ra2f7]} Qh5 (23... exf2+ 24. Rxf2 Bxh2+ 25. Kxh2 Qxf2 26.
dxe7+ Kg7 (26... Kxe7 27. Rd7+ Kf8 28. Qc4 $18) 27. Qg4+ Kf6 28. Rd3 Kxe7 29.
Qd7+ Kf8 30. Qd6+ Kg7 31. Rg3+ $18) (23... exd6 24. fxe3 Qxe3+ 25. Kh1 f6 26.
Qd7 $18) (23... Bxh2+ 24. Kxh2 Qh5+ 25. Kg1 e2 26. dxe7+ Kg7 27. Rd4 $1 {
(Fritz)} exf1=Q+ (27... Qh1+ 28. Kxh1 exf1=Q+ 29. Kh2 h5 30. Rf4 f6 31. Qb3 $18
) 28. Kxf1 Qe5 29. Rg4+ Kf6 30. Re4 Qxc5 31. Qb3 Qh5 32. Rf4+ $18) 24. f4 e2 {
Das wurde getadelt.} ({Allerdings gewinnt Weiß auch nach dem zäheren} 24... Bf6
{recht leicht:} 25. Rd5 Qg6 26. f5 Qh6 27. Qb3 e2 28. Re1 Qf4 29. dxe7+ Kg7 30.
Rxe2 Bd4+ 31. Rxd4 Qxd4+ 32. Kf1 Qf4+ 33. Rf2 Qc1+ 34. Ke2 $18) 25. fxe5 exd1=Q
26. Rxd1 Qxe5 (26... Kg7 27. Rf1 e6 (27... Qxe5 28. Rxf7+ Kh6 29. Qh4+ Kg6 30.
Rxe7 $18) 28. Bxe6 $18) 27. Rf1 f6 ({Oder} 27... f5 28. Qb3 Kg7 29. Qf7+ Kh6
30. dxe7 $18) 28. Qb3 Kg7 29. Qf7+ Kh6 30. dxe7 f5 31. Rxf5 Qd4+ 32. Kh1 1-0

[Event "Ashdod op 1st"]
[Site "Ashdod"]
[Date "2003.10.17"]
[Round "9"]
[White "Mikhalevski, Victor"]
[Black "Greenfeld, Alon"]
[Result "1-0"]
[WhiteElo "2548"]
[BlackElo "2527"]
[Annotator "Cifuentes Parada,L"]
[PlyCount "79"]
[EventDate "2003.10.04"]
[EventType "swiss"]
[EventRounds "9"]
[EventCountry "ISR"]
[SourceTitle "CBM 096 Extra"]
[Source "ChessBase"]
[SourceDate "2003.10.22"]
[SourceVersion "2"]
[SourceVersionDate "2003.10.20"]
[SourceQuality "1"]

1. d4 Nf6 2. c4 g6 3. Nc3 d5 4. Bf4 Bg7 5. e3 c5 6. dxc5 Qa5 7. Rc1 dxc4 8.
Bxc4 O-O ({Un craso error sería:} 8... Qxc5 $2 {por} 9. Nb5 $1 Qb4+ 10. Kf1 $1
{y ahora las negras no están en condiciones de evitar la pérdida de material.}
{Contra} Na6 ({Si} 10... O-O 11. a3 Qa5 (11... Qxb2 12. Rc2) 12. b4 Qd8 13. Nc7
$18) 11. a3 Qxb2 (11... Qa5 12. Bc7 $18) 12. Rb1 $18 {Leitao,R-Van Wely,L/Lost
Boys 1998}) 9. Nge2 $5 (9. Nf3 {D93}) 9... Qxc5 (9... Nc6 $143 10. O-O Qxc5 11.
Nb5 Be6 12. Bd3 $5 Qb4 13. Nc7 Rad8 14. Nxe6 fxe6 15. Qc2 Nd5 16. Bc4 Qxb2 17.
Qxb2 Bxb2 18. Rb1 $14) 10. Qb3 ({Prematuro es:} 10. Nb5 $6 Qb4+ $1 (10... Be6
$2 11. Qb3 $16 {is different from the similar line above, the Ne2 protects the
Rc1!}) 11. Kf1 a6 $1 12. a3 Qxb2 {'!'} 13. Rb1 Qxb1 14. Qxb1 axb5 15. Bxb5 Rxa3
$1 {y a pesar de la ventaja material del blanco no resulta fácil controlar la
actividad del negro. Por ejemplo:} 16. Qb2 $8 (16. Bxb8 $2 Ne4 $1 {''-/+!''
''loses material''} 17. Qxe4 (17. Qe1 Ra1 18. Nc1 Bb2 $19) 17... Ra1+ 18. Nc1
Rxc1+ 19. Ke2 Rxh1 20. Qxe7 Rb1 $17) 16... Ra8 17. Be5 Nc6 18. Bxc6 bxc6 19. h3
$15 {1/2-1/2 Dydyshko,V-Begun,S/USSR 1990}) 10... Nc6 (10... e5 11. Bg3 Nc6 (
11... Nh5 $2 12. Nb5 $1) 12. Qb5 Qxb5 13. Bxb5 Bd7 14. O-O Rfe8 15. Rfd1 Rad8
16. Rd6 $14) 11. Nb5 Qh5 {Una jugada forzada, pero satisfactoria. Otras
posibilidades son inferiores para el negro, por ejemplo:} (11... Qb4+ 12. Qxb4
Nxb4 13. Nc7 Rb8 14. Nd5 Nfxd5 15. Bxb8 Bxb2 16. Rb1 Bf5 17. Rxb2 Rxb8 18. O-O
$16) (11... Qb6 12. Bc7 Qa6 13. Nbd4 Na5 $8 {'!'} 14. Bxa6 Nxb3 15. Nxb3 (15.
axb3 bxa6 16. Nc6 Re8 17. Be5 Bb7 $132) 15... bxa6 16. Be5 $1 Bb7 17. f3 $14)
12. Ng3 ({Contra} 12. Nc7 $6 {'‹'} Rb8 $1 {''/\Na5'' es la réplica correcta. Y
ahora, lo más práctico para el blanco sería repetir jugadas para no tener
problemas.} (12... Na5 $2 13. Bxf7+ $1 Rxf7 14. Qa3 Rb8 15. Ng3 $1 $16) 13. Nd5
({La tentadora} 13. Bxf7+ $2 {es errónea debido a} Rxf7 14. Rxc6 Qa5+ $1 15.
Nc3 (15. Rc3 Nh5 16. Na6 Nxf4 17. Nxb8 Be6 18. Qxb7 Nxe2 19. Kxe2 Bxc3 $19 {
Hoang Than Trang-Hjelm,N/Budapest FS06 IM 1993/0-1 (56)}) 15... e5 $1 16. Rxf6
Bxf6 17. Ne8 Be7 $1 18. Bg3 Bd7 $19) (13. Na6 Qa5+ 14. Nc3 Ra8 15. Nc7 e5 $1
16. Nxa8 exf4 17. O-O fxe3 18. fxe3 Qe5 $17) 13... Ra8 (13... e5 14. Nxf6+ Bxf6
15. Bxf7+ (15. Bg3 Na5 $15) 15... Rxf7 16. Rxc6 bxc6 17. Qxb8 Qf5 18. e4 Qe6
19. Bc1 Rb7 20. Qa8 Qd7 21. O-O Qc7 22. Be3 Rxb2 23. Nc3 Qb7 24. Qxb7 Rxb7 25.
Na4 $11) 14. Nc7 Rb8 15. Nd5 Ra8 {1/2-1/2 Pelletier,Y-Vallejo Pons,F/ Plovdiv
20.10.2003}) 12... Qh4 13. Nc7 e5 $1 ({Otra posiblidad muy interesante es} 
13... g5 $5) ({También se ha intentado} 13... Rb8 $2 {pero tras} 14. Bxf7+ $1
Rxf7 15. Rxc6 bxc6 (15... Ng4 16. Ne6 $1 Bxe6 17. Rxe6 Rc8 18. h3 Rc1+ 19. Ke2
Rxh1 20. Nxh1 $16) 16. Qxb8 Rf8 17. Qb3+ Kh8 18. Be5 $1 $14) 14. Bxe5 Nxe5 15.
Nxa8 Bd7 (15... b6 $5) 16. Nc7 Bc6 ({Si} 16... Rc8 17. O-O $1 Rxc7 (17... Nfg4
18. h3 Nxe3 19. fxe3 Qxg3 20. Bxf7+ Kh8 21. Be6 $16) 18. Bxf7+ Nxf7 19. Rxc7
$16 {y dado el inusual balance material (2R+3P /3 piezas menores) una vez que
caiga el peón de b7, es favorable al blanco.}) 17. Nd5 {Con la amenaza 18.Ne7
'Ahora las blancas amenazan Ce7 cambiando el alfil negro en c6. De esta manera
las negras están forzadas a perder un importante tiempo.'} ({Erróneo es:} 17.
O-O $2 Nfg4 18. h3 Nf3+ $1 19. Kh1 (19. gxf3 Qxh3 $19) 19... Nd2 $19) 17... Kh8
(17... Nxd5 18. Bxd5 Bxd5 19. Qxd5 Rd8 20. Qxb7 Nd3+ 21. Ke2 Nxc1+ 22. Rxc1 $14
Be5 23. b3 Bxg3 (23... Qxh2 $2 24. Rh1 $18) 24. hxg3 Qh5+ 25. Qf3 Qa5 26. Qf6
Qxa2+ 27. Kf3 Qd2 28. g4 $1 $14) (17... Rd8 $2 18. Ne7+ Kh8 19. Nxc6 bxc6 20.
Be2 $16) 18. Nf4 $1 g5 19. Nd3 Nxd3+ (19... Nxc4 20. Rxc4 Bd5 21. Rxh4 Bxb3 22.
Rb4 Bd5 23. f3 $16) (19... Ba4 20. Qc3 Nxc4 21. Qxc4 Qxc4 22. Rxc4 Bb5 23. Rd4
Ne8 24. Rd5 Bc4 25. Rd8 Bf6 26. b3 Bxd8 27. bxc4 $16) 20. Qxd3 $1 $146 {
[%mdl 8]} (20. Bxd3 $6 {ver partida Dreev,A-Sutovsky,E/Rethymnon 2003}) 20...
Bxg2 (20... b5 $5 21. Qd6 $1 (21. Bb3 $2 Bxg2 22. Rg1 Qxh2 $44) 21... Bxg2 22.
Nf5 (22. Rg1 $2 Qxh2 23. Rxg2 Qxg2 24. Bf1 Qg1 $17) 22... Qh3 (22... Ne4 23.
Nxh4 Nxd6 24. Nxg2 Bxb2 25. Rd1 Nxc4 26. Rd5 b4 27. Ke2 $16 (27. Rxg5 $6 Rd8
28. Nf4 Bc3+ 29. Kf1 Ne5 $132)) (22... Qg4 23. Nxg7 Kxg7 24. Be2 Bf3 25. Bxf3
Qxf3 26. O-O $1) 23. Nxg7 Kxg7 24. Bf1 $1 Re8 25. Qd4 (25. Qd3 Bxf1 26. Qxf1
Qf3 27. Rg1 h6 $13) 25... Re4 26. Qd3 (26. Qxa7 Ng4) 26... Bxf1 27. Qxf1 Qf3
28. Rg1 Re5 $44) 21. Nf5 Qh3 22. Nxg7 Bxh1 $2 ({Era mejor.} 22... Kxg7 $1 23.
Rg1 Qxh2 24. Kd2 (24. Ke2 Qh5+ 25. Kd2 Qf3 26. Qe2 Ne4+ 27. Ke1 (27. Kc2 Rc8
28. Qxf3 Bxf3 29. Kb3 Nd2+ 30. Kb4 a5+ 31. Kb5 Nxc4 32. Rxc4 Be2 33. b3 (33.
Rxg5+ Kf6 34. Rgc5 Bxc4+ 35. Rxc4 Rxc4 36. Kxc4 h5 37. Kd3 Kg5 $1 38. Ke2 Kg4
$19) 33... Kf6) 27... Qh3 28. Qd3 Qh2 29. Ke2 g4) 24... Rc8 25. Qd4 Rc7 26. Bd5
$1 Rxc1 27. Rxg2 Qc7 28. Rxg5+ Kf8 29. Bb3 Rc6 30. Ke2 $14) 23. Nf5 (23. Qf5 $2
Qh6 $1) 23... Bc6 ({Falla} 23... Be4 $2 24. Qd6 Kg8 (24... Nd7 $2 25. Qd4+) 25.
Bxf7+ $1 Kxf7 (25... Rxf7 26. Rc8+) 26. Rc7+ Kg6 27. Rg7+ Kxf5 (27... Kh5 28.
Ng3+ Kh4 29. Nxe4 $18) 28. Qxf8 $18) 24. Qd6 $1 Nd7 $8 25. Nd4 $6 {Las blancas
desaprovechan la ocasión para concretar el dominio posicional.} ({Lo correcto
era:} 25. Bd3 $1 {(amenazando 26.Rxc6)} Qg2 26. Qh6 $1 Rg8 (26... Qg1+ 27. Kd2
$1 Qxf2+ 28. Kc3 Rg8 29. Rf1 Qg2 30. Nd6 $18) 27. Nd6 Rg7 (27... Qg1+ 28. Ke2
Qg4+ 29. Kd2 Qb4+ 30. Kc2 {traspone a la variante principal.}) (27... Rf8 28.
Qxh7# {mate}) 28. Ne8 $1 Qg1+ 29. Ke2 Qg4+ 30. Kd2 Qb4+ 31. Kc2 $18) 25... Qg2
26. Rd1 $6 ({Otra imprecisión. mejor era:} 26. Bf1 $1 Qd5 27. Qe7 $1 {y el
negro no puede detener tantas amenzas. Por ejemplo, si:} Qxa2 (27... Qa5+ 28.
b4 Qd8 29. Nxc6 bxc6 30. Qxd8 Rxd8 31. Rd1 $18) 28. Nxc6 Qxb2 29. Rc4 (29. Rd1
$2 Qc3+ 30. Rd2 Qc1+ 31. Ke2 Qc4+ 32. Rd3 Qc2+ 33. Kf3 Qxc6+ 34. Kg3 $18) 29...
Qb1+ 30. Ke2 Qb5 31. Kd2 (31. Kf3 Qd5+ 32. e4 Qd1+ 33. Be2 Qh1+ 34. Ke3 Qxh2
35. Qxd7 Qf4+ 36. Kd3 bxc6 37. Qd4+ Kg8 38. Rxc6) 31... bxc6 32. Qxd7) 26...
Qg1+ 27. Ke2 Qg4+ 28. Kd2 Qe4 29. Ke1 (29. Kc1 {'>='}) 29... Kg7 30. Qg3 $6 ({
Había que jugar} 30. Be2 {'>=' y si} Nf6 31. Bd3 $18) 30... Kh8 31. Bb3 Ne5 $2
({La única resistencia la ofrecía:} 31... Qg6 {'>='}) 32. Qxg5 Nf3+ 33. Nxf3
Qxf3 34. Qe5+ Kg8 (34... f6 35. Qe7 Re8 36. Rd8 Rxd8 37. Qxd8+ Kg7 38. Qe7+ Kg6
39. h4 $18) 35. Rd4 $18 Re8 36. Qg5+ Kf8 37. Rg4 (37. Qh6+ Kg8 38. Bc2 $18)
37... Qh1+ 38. Kd2 Qxh2 39. Qf6 Qh5 40. Rg5 1-0

[Event "BRA-ch 78th"]
[Site "Campinas"]
[Date "2011.12.17"]
[Round "8"]
[White "Leitao, Rafael Duailibe"]
[Black "Fier, Alexandr"]
[Result "1/2-1/2"]
[WhiteElo "2626"]
[BlackElo "2573"]
[Annotator "Fier,A"]
[PlyCount "51"]
[EventDate "2011.12.10"]
[EventType "tourn"]
[EventRounds "11"]
[EventCountry "BRA"]
[EventCategory "10"]
[SourceTitle "CBM 145 Extra"]
[Source "ChessBase"]
[SourceDate "2012.01.03"]
[SourceVersion "1"]
[SourceVersionDate "2012.01.03"]
[SourceQuality "1"]

1. d4 Nf6 2. c4 g6 3. Nc3 d5 4. Bf4 Bg7 5. e3 c5 6. dxc5 Qa5 7. Rc1 Ne4 (7...
dxc4 8. Bxc4 O-O 9. Nf3 {is the main line nowadays, but I think it's quite
hard for Black to win this position and there is a lot of space for
improvements for White. 7...Ne4 is wilder...}) 8. cxd5 Nxc3 9. Qd2 Qxa2 10.
Rxc3 (10. bxc3 {is the boring option... but I think Black is ok after} Qa5 11.
Bc4 Nd7 12. Nf3 Nxc5 13. Be5 Bxe5 14. Nxe5 f6 15. Nf3 b5 {Salov,V (2575)-Milos,
G (2495) Szirak Interzonal 1987 (7) 1/2}) 10... O-O 11. Bc4 Bxc3 $5 {This is a
quite risky idea! Whereas the normal moves go to a positional fight, this one
forces White to make a non-stop attack! For sure some homework is needed to
play this move, but an exchange is still an exchange...} (11... Qa1+ {is the
normal move} 12. Rc1 Qxb2 13. Nf3 {Socko,B (2631)-Svidler,P (2723) Gibraltar
Masters 7th 2009 (6) 1/2}) 12. Qxc3 Qa1+ 13. Ke2 f6 {Otherwise Bh6 is coming.}
14. h4 Na6 {Just with the pawns and the rook the position is impossible to
defend. My queen is doing a good job holding White's knight, so h4 is the
logical follow up. 14...Nd7 theoretically is more effective, but 15.d6+ would
be devastating...} 15. d6+ e6 16. h5 g5 17. Bxg5 $5 {Opening the position at
any cost! It looks like White is winning now, but Black is still fighting!}
Nxc5 (17... fxg5 $2 {loses by force} 18. h6 Rf7 19. Rh5 $1 {and there is no
way to defend Rxg5+ and Qh8#.}) 18. Qd4 {Controlling the e4-square. There are
other ideas for White but this is the most dangerous in my view.} (18. Bh6 Rf7
19. Rh4 Na4 20. Qb3 Qxb2+ 21. Qxb2 Nxb2 22. Bb5 a5 {preventing Rb4 and with
idea of ...Bd7. I think Black is ok here.}) 18... fxg5 19. h6 Rf7 20. Rh5 Ne4
$1 {This defensive idea is totally necessary to defend the position! My
opponent's queen is attached to the b2-pawn and ...Rxf2+ is annoying for White.
} 21. Nf3 (21. Qxe4 Qxb2+ 22. Kd1 Qa1+ 23. Ke2 {and now I give perpetual or
try to play some more moves with} Qxg1 (23... Qb2+ 24. Kd1 Qa1+ $11) 24. Rxg5+
Kf8 25. f3 Qa1 $8 {Qd4 must be avoided.} 26. Kf2 {and the position is really
hard to evaluate. Qg4 is his plan and after it Qh8 will be forced again...
It's possible to take on e6, try to play d7 at some point, but if the storm is
over I am just a rook up. Of course the engine gives 0.00 after some
irrational moves.}) 21... g4 {Forcing matters!} (21... Bd7 {was possible too,
but I think White is better after} 22. Qxe4 Qxb2+ 23. Nd2 Qf6 24. Qxb7 Qxf2+
25. Kd3 Rd8 26. Rxg5+ Kf8 27. Qb4 {but who knows what is going on?}) 22. Rg5+
$1 Nxg5 23. Nxg5 Qa4 ({It's still not late for things to go wrong since after} 
23... Qc1 $2 24. Bd3 $1 {Black does not have enough resources to defend the
mating threats!} e5 (24... Bd7 25. Nxf7 e5 26. Nxe5 $18) 25. Bxh7+ Kf8 (25...
Rxh7 26. Qd5+ Kh8 (26... Kf8 27. Nxh7+) 27. Qxe5+ {with mate}) 26. Qxe5 Qc4+
27. Bd3 Qxd3+ 28. Kxd3 Bf5+ 29. Ke2 Bh7 30. Qe6 {is just awful for Black.}) 24.
Nxf7 Qc2+ 25. Ke1 Qc1+ 26. Ke2 {I was one point behind Leitao before this
round and after this round I made 3/3... But he made 2.5 and won the
tournament in an impressive way! Congrats to the new champion!} 1/2-1/2

[Event "Dortmund"]
[Site "Dortmund"]
[Date "1994.??.??"]
[Round "4"]
[White "Dreev, Alexey"]
[Black "Leko, Peter"]
[Result "1-0"]
[WhiteElo "2645"]
[BlackElo "2545"]
[Annotator "Ftacnik,L"]
[PlyCount "65"]
[EventDate "1994.07.??"]
[EventType "tourn"]
[EventRounds "9"]
[EventCountry "GER"]
[EventCategory "16"]
[SourceTitle "CBM 042"]
[Source "ChessBase"]
[SourceDate "1994.10.01"]
[SourceVersion "1"]
[SourceVersionDate "1994.10.01"]
[SourceQuality "1"]

1. d4 Nf6 2. c4 g6 3. Nc3 d5 4. Bf4 Bg7 5. e3 c5 6. dxc5 Qa5 7. Qa4+ (7. Rc1)
7... Qxa4 8. Nxa4 Be6 (8... O-O) (8... Bd7) 9. Bxb8 $1 (9. Rc1 O-O 10. Nf3 Rc8
11. b4 dxc4 12. Bxc4 Bxc4 13. Rxc4 Nbd7 14. Rc2 Nd5 15. a3 N7b6 16. Nb2 a5 17.
bxa5 Rxa5 18. Nd3 Rxa3 19. Ke2 Na4 20. Be5 Bxe5 21. Nfxe5 f6 22. Nf3 e5 {
0-1/Tatai-Gavrikov,V/Budapest Texta/1988/}) 9... Rxb8 10. cxd5 Nxd5 11. Bb5+
Kf8 12. Rc1 a6 13. Bc4 Nb4 14. Bxe6 $1 fxe6 (14... Nd3+ 15. Kd2 Nxc1 (15...
Nxf2 16. Rf1 Nxh1 17. Rxf7+ Ke8 18. Rxg7 $18) (15... Rd8 16. Bc4 Nxf2+ 17. Ke2
Nxh1 18. Nf3 $16) 16. Bc4 $18) 15. Ke2 Nxa2 16. Rc4 a5 17. Nf3 Nb4 18. Ng5 e5
19. Nb6 Ke8 20. Ra1 Nc6 21. Rca4 Bf6 22. Ne4 Kf7 23. Nc4 Rhc8 24. Nxa5 b6 (
24... Nxa5 25. Rxa5 b6 26. Ra7 Ke8 27. b4 bxc5 28. bxc5 $18) 25. Nxc6 Rxc6 26.
Ra6 $1 Rc7 27. Rxb6 Rxb6 28. cxb6 Rc6 (28... Rb7 29. Nd6+ $1 exd6 30. Ra7 $18)
(28... Rc2+ 29. Nd2 Rxb2 30. Rb1 Rxb1 31. Nxb1 e4 32. Na3 Ke6 33. b7 Be5 34.
Nc2 Kd7 35. Nb4 Kc7 36. b8=Q+ Kxb8 37. Nc6+ $18) 29. Ra6 Rc2+ 30. Kd3 Rxb2 31.
b7 h6 (31... Rxb7 32. Rxf6+ exf6 33. Nd6+ $18) (31... Kg7 32. Nc5 $18) 32. Nc5
e4+ 33. Kxe4 1-0